Novela Zákonníku práce: Pracovněprávní vztahy v ČR čekají velké změny
Novela Zákonníka práce ČR v pripomienkovom konaní. Prispôsobenie zákonnej úpravy požiadavkám praxe - doručovanie pracovnoprávnych dokumentov, zavedenie nového ištitútu zdieľaného pracovného miesta, nová úprava dovolenky. Snaha o zjednotenie terminológie, implementovať požiadavky európskeho práva a o...
Gespeichert in:
| 1. Verfasser: | |
|---|---|
| Weitere Verfasser: | |
| Format: | Buchkapitel |
| Sprache: | Tschechisch |
| Schlagworte: | |
| Tags: |
Keine Tags, Fügen Sie das erste Tag hinzu!
|
MARC
| LEADER | 00000naa a2200000 4500 | ||
|---|---|---|---|
| 001 | 0248572 | ||
| 005 | 20181105112225.9 | ||
| 041 | 0 | |a cze | |
| 044 | |a CZ | ||
| 245 | 1 | 0 | |a Novela Zákonníku práce: Pracovněprávní vztahy v ČR čekají velké změny |c Petra Sochorová, Ema Drštičková |
| 520 | |a Novela Zákonníka práce ČR v pripomienkovom konaní. Prispôsobenie zákonnej úpravy požiadavkám praxe - doručovanie pracovnoprávnych dokumentov, zavedenie nového ištitútu zdieľaného pracovného miesta, nová úprava dovolenky. Snaha o zjednotenie terminológie, implementovať požiadavky európskeho práva a odstrániť nadbytočné ustanovenia. | ||
| 610 | 2 | 0 | |a zákonník práce |
| 610 | 2 | 0 | |a vzťahy pracovnoprávne |
| 610 | 2 | 0 | |a novelizácia |
| 610 | 2 | 0 | |a Česko |
| 100 | 1 | |a Sochorová, Petra | |
| 700 | 1 | |a Drštičková, Ema | |